00489 a2200145 450000500170000002000220001708200210003910000180006024500600007825000120013826000460015030000320019670000180022885600970024620250516111119.0 a978-0-8077-4981-4 aLECT 378.125 STR aSTRIKE, K. A. aThe Ethics of Teaching: Thinking About Education Series a5th Ed. aNew York,bTeachers College Press,c2009. ax, 165p.bReference.c23cm. aSOLTIS, J. F. yAccess Online BookfThe Ethics of Teaching: Thinking About Education Seriesdwww.tcpress.com